Praxis fori ecclesiastici ad praesentem Ecclesiae conditionem accomodata / auctore Pacifico Pierantonelli Curiae Romanae advocato, canonico S. Mariae transtiberim, Ordinis Caroli III equite torquato et cubiculario sanctissimi D. N. Leonis Papae XIII

Detalles Bibliográficos
Autor principal: Pierantonelli, Pacifico
Formato: Libro
Lenguaje:Latin
Publicado: Romae : typis A. Befani, 1883.
Materias:
Colección:Banco de datos
Acervo:Seminario Conciliar de Nuestra Señora de Guadalupe Querétaro. Qro.. Biblioteca Florencio Rosas. Fondo Histórico
Descripción Física:285 p. ; 23 cm.
Tema general:Derecho eclesiástico
Notas:Texto con signaturas. Encuadernación holandesa. Sello en tinta del P. I. Altamirano, Querétaro
LEADER 00878nam a22001810004500
035 |a 4575 
041 0 |a lat 
100 1 |a Pierantonelli, Pacifico 
245 1 0 |a Praxis fori ecclesiastici ad praesentem Ecclesiae conditionem accomodata / auctore Pacifico Pierantonelli Curiae Romanae advocato, canonico S. Mariae transtiberim, Ordinis Caroli III equite torquato et cubiculario sanctissimi D. N. Leonis Papae XIII 
260 |a Romae : typis A. Befani, 1883.  
300 |a 285 p. ; 23 cm.  
500 |a Texto con signaturas. Encuadernación holandesa. Sello en tinta del P. I. Altamirano, Querétaro 
504 |a Incluye índice de contenido 
650 1 0 |a Derecho eclesiástico 
949 |a Fondo Histórico: 11456 
942 |c Q.R.H.T 
943 |g Seminario Conciliar de Nuestra Señora de Guadalupe Querétaro. Qro.. Biblioteca Florencio Rosas. Fondo Histórico 
999 |c 1086030  |d 1086030